000 00498nam a2200193Ia 4500
008 151119s9999||||xx |||||||||||||| ||und||
082 _a891.46308
082 _bGKKV6034
100 _aदेवधर जोत्स्ना
245 _aसमास
260 _a--
260 _b--
260 _c0
600 _aदेवधर जोत्स्ना
630 _aसमास
700 _aदेवधर जोत्स्ना
730 _aसमास
942 _cBOOK
999 _c1060958
_d1060955